01572cam a22003011 4500001001300000003000400013005001700017008004100034010001700075035001900092040008000111042001200191050002600203051002300229082001000252110009300262245007000355260016300425300002100588410006400609500001600673500016700689501022100856650004301077650004101120710009201161999001701253hew66000031 DLC20260227111514.0800205s1965 dcu f000 0 eng c ahew66000031  a(OCoLC)5954857 aU.S. Department of Health, Education, and Welfare. LibrarycArUdOCoLCdDLC apremarc00aL111b.A6 1966, no. 4 aS533b.J6cCopy 2. a630.72 aJoint Committee of the U.S. Office of Education and the American Vocational Association.10aObjectives for vocational and technical education in agriculture. a[Washington]bU.S. Dept. of Health, Education, and Welfare, Office of Education;b[for sale by the Superintendent of Documents, U.S. Govt. Print. Off.,c1965] av, 12 p.c24 cm.10aUnited States.bOffice of Education.tBulletin 1966,vno. 4 a"OE-81011." a"Designed to supersede Monograph No. 21, Educational objectives in vocational agriculture ... last revised and published by the U.S. Office of Education in 1955." aL111.A6 with: Educational developments in the Congo (Leopoldville) / Betty George. Washington : U. S. Dept. of Health, Education, and Welfare, Office of Education, 1966. Bound together subsequent to publication.5DLC 0aAgricultural educationzUnited States. 0aVocational educationzUnited States.1 aUnited States.bOffice of Education.tEducational objectives in vocational agriculture. c34589d34589